[Event "Baden-ch op U1400"]
[Site "Birkenfeld"]
[Date "2013.06.01"]
[Round "7"]
[White "Hilsansky, Olaf"]
[Black "Kowohl, Ewald"]
[Result "0-1"]
[WhiteElo "1373"]
[BlackElo "1328"]
[PlyCount "116"]
[EventDate "2013.05.30"]
[EventType "swiss"]
[EventRounds "7"]
[EventCountry "GER"]
[SourceTitle "EXT 2014"]
[Source "ChessBase"]
[SourceDate "2013.11.20"]
[SourceVersion "1"]
[SourceVersionDate "2013.11.20"]
[SourceQuality "1"]

1. Nf3 d5 2. g3 Nc6 3. Bg2 e5 4. d3 Bc5 5. 0-0 Nge7 6. c3 d4 7. Nbd2 a6 8. a3 Ba7 9. Rb1 0-0 10. c4 b5 11. Nxe5 Bb7 12. b3 Rb8 13. Nxc6 Nxc6 14. Qc2 b4 15. Nf3 Re8 16. Ra1 Bc5 17. Ng5 bxa3 18. Ne4 Be7 19. Bxa3 Nb4 20. Qd1 f5 21. Nd2 Nc6 22. Nf3 Bb4 23. Bxb4 Nxb4 24. Qd2 c5 25. Rfe1 Qb6 26. Ra3 Re7 27. Raa1 Rbe8 28. Ra4 Bc8 29. Kf1 Nc6 30. Ra3 Nb4 31. Ra4 Nc6 32. Ng1 Nb4 33. Rea1 Kh8 34. Re1 Re6 35. Nh3 Rh6 36. Kg1 Bd7 37. Ra3 Bc6 38. Ng5 Rf6 39. Nf3 Bb7 40. Ra4 Bc6 41. Ra3 Qb7 42. Ra5 Qb6 43. Raa1 f4 44. gxf4 Qc7 45. Nxd4 Bxg2 46. Kxg2 Qc8 47. f3 cxd4 48. Qxb4 Rg6+ 49. Kh1 Qf5 50. Qd2 Ree6 51. Ra5 Qh3 52. Rg1 Rxg1+ 53. Kxg1 Rh6 54. e3 Qxf3 55. Qe2 Qxe2 56. Re5 Kg8 57. exd4 Qg4+ 58. Kf2 Rxh2+ 0-1

[Event "Baden-ch op U1400"]
[Site "Birkenfeld"]
[Date "2013.06.01"]
[Round "6"]
[White "Prskawetz, Franz"]
[Black "Hilsansky, Olaf"]
[Result "1/2-1/2"]
[WhiteElo "1359"]
[BlackElo "1373"]
[PlyCount "54"]
[EventDate "2013.05.30"]
[EventType "swiss"]
[EventRounds "7"]
[EventCountry "GER"]
[SourceTitle "EXT 2014"]
[Source "ChessBase"]
[SourceDate "2013.11.20"]
[SourceVersion "1"]
[SourceVersionDate "2013.11.20"]
[SourceQuality "1"]

1. e4 d6 2. g3 Nf6 3. Nc3 g6 4. Bg2 Bg7 5. d3 c5 6. Nge2 Nc6 7. a3 Rb8 8. 0-0 a6 9. Bd2 0-0 10. Qc1 Re8 11. Nd1 b5 12. c3 Bb7 13. Ne3 Ne5 14. Qb1 Qb6 15. Nf4 Ned7 16. Nfd5 Qd8 17. f3 Nxd5 18. exd5 Nf6 19. f4 e6 20. dxe6 Rxe6 21. Bxb7 Rxb7 22. f5 Re8 23. fxg6 hxg6 24. Qd1 Rbe7 25. Qf3 Qc8 26. Nd5 Nxd5 27. Qxd5 Qe6 1/2-1/2

[Event "Baden-ch op U1400"]
[Site "Birkenfeld"]
[Date "2013.05.31"]
[Round "4"]
[White "Hilsansky, Olaf"]
[Black "Feidel, Christian"]
[Result "0-1"]
[WhiteElo "1373"]
[BlackElo "1296"]
[PlyCount "56"]
[EventDate "2013.05.30"]
[EventType "swiss"]
[EventRounds "7"]
[EventCountry "GER"]
[SourceTitle "EXT 2014"]
[Source "ChessBase"]
[SourceDate "2013.11.20"]
[SourceVersion "1"]
[SourceVersionDate "2013.11.20"]
[SourceQuality "1"]

1. Nf3 d5 2. g3 Nf6 3. Bg2 c6 4. b3 Bf5 5. Bb2 e6 6. 0-0 h6 7. d3 Be7 8. Nbd2 Nbd7 9. c4 Rc8 10. Rc1 0-0 11. Rc2 a6 12. a3 b5 13. Qa1 Qb6 14. Rfc1 Bc5 15. Bd4 bxc4 16. bxc4 dxc4 17. Rxc4 Bxd4 18. Nxd4 c5 19. Nxf5 exf5 20. Qc3 Qe6 21. e3 Nd5 22. Qc2 Rfd8 23. d4 N7f6 24. Rxc5 Nxe3 25. fxe3 Qxe3+ 26. Kf1 Rxc5 27. Qxc5 Ng4 28. d5 Nxh2# 0-1

[Event "Baden-ch op U1400"]
[Site "Birkenfeld"]
[Date "2013.05.30"]
[Round "2"]
[White "Steimle, Markus"]
[Black "Hilsansky, Olaf"]
[Result "1-0"]
[WhiteElo "1326"]
[BlackElo "1373"]
[PlyCount "115"]
[EventDate "2013.05.30"]
[EventType "swiss"]
[EventRounds "7"]
[EventCountry "GER"]
[SourceTitle "EXT 2014"]
[Source "ChessBase"]
[SourceDate "2013.11.20"]
[SourceVersion "1"]
[SourceVersionDate "2013.11.20"]
[SourceQuality "1"]

1. d4 Nf6 2. Nf3 g6 3. e3 Bg7 4. c4 d6 5. Nc3 0-0 6. Bd3 c6 7. 0-0 Bg4 8. h3 Bc8 9. Re1 Na6 10. Bd2 Nb4 11. Be2 Bf5 12. Ne4 Nxe4 13. Bxb4 a5 14. Bc3 Nxc3 15. bxc3 Qc7 16. Bd3 Bxd3 17. Qxd3 Rfd8 18. Rec1 b6 19. a4 Rab8 20. Rcb1 Rb7 21. Ra2 Rdb8 22. Nd2 Qd7 23. Qc2 b5 24. cxb5 cxb5 25. axb5 Rxb5 26. Rxb5 Qxb5 27. c4 Qb4 28. Ra4 Qb2 29. Qxb2 Rxb2 30. Ne4 Rb4 31. Rxb4 axb4 32. Kf1 f5 33. Nd2 e5 34. Nb3 Kf7 35. Ke2 Ke6 36. Kd3 e4+ 37. Kc2 g5 38. Nd2 h5 39. Kb3 Bf6 40. Kxb4 g4 41. hxg4 hxg4 42. g3 Be7 43. Kb5 Kd7 44. Nb3 Bg5 45. c5 f4 46. exf4 Bxf4 47. gxf4 e3 48. fxe3 g3 49. Nd2 g2 50. Nf3 Ke6 51. c6 Kd5 52. c7 Ke4 53. Ng1 Kxe3 54. c8Q Kf2 55. Qg4 Kxg1 56. f5 Kf1 57. f6 g1Q 58. Qxg1+ 1-0